000 00761cam a22002413a 4500
001 20955
003 PGUSA
005 20140828083439.0
008 070331s2007||||xxu|||||s|||||000 | eng d
040 _aPGUSA
_beng
042 _adc
050 4 _aAP
245 1 4 _aThe International Monthly Magazine, Volume 5, No. 1, January, 1852
_h[electronic resource] /
_cVarious
260 _bProject Gutenberg,
_c2007
506 _aPublic domain in the USA.
516 _aElectronic text
653 _aLiterature, Modern -- 19th century -- Periodicals
653 _aArt, Modern -- 19th century -- Periodicals
653 _aScience -- History -- Periodicals
830 0 _aProject Gutenberg
_v20955
856 4 0 _uhttp://www.gutenberg.org/ebooks/20955
942 _cEB
999 _c250210
_d250210